| 000 | 00652nam a2200169Ia 4500 | ||
|---|---|---|---|
| 008 | 090711s9999 xx 000 0 und d | ||
| 082 | _b1784 | ||
| 100 | _aमिरासदार द. मा. | ||
| 245 | _aभुताSाा जन्म आणि इतर कथा | ||
| 260 |
_bकॉन्टीनेन्टल प्रकाशन _c1993 |
||
| 300 | _a147 | ||
| 600 | _aमिरासदार द. मा. | ||
| 630 | _aभुताSाा जन्म आणि इतर कथा | ||
| 700 | _aमिरासदार द. मा. | ||
| 730 | _aभुताSाा जन्म आणि इतर कथा | ||
| 942 | _cBOOK | ||
| 999 |
_c325478 _d325478 |
||